000 00466nam a2200145Ia 4500
003 OSt
005 20260119150635.0
008 211028s2013 xx 000 0 und d
040 _cAIMIT LIBRARY
041 _aeng
100 _aC B, Shubhalaxmi; Amin, Venkatesh S.
_g1116152
_97092
245 _aStudy of skilled labour problem and its impact on production at ruchi soya industries ltd Mangalore /
260 _aMangalore
_bVenkatesh S Amin
_c2013
942 _2ddc
_cPRO
999 _c218662
_d218662